Extrakční spektrofotometrie kovů a nekovů /

Saved in:
Bibliographic Details
Main Author: Malát, Miroslav (Author)
Format: Book
Language:Czech
Published: Praha : SNTL, 1988
Edition:1.vyd.
Subjects:
Tags: Add Tag
No Tags, Be the first to tag this record!

MARC

LEADER 00000nam a22000003a 4500
001 stu38904
005 20150617225725.8
008 921201s1988----cs------------------cze-d
040 |a STU  |b slo 
041 0 |a cze 
044 |a cs 
080 |a 535.243 
080 |a 546.1/.3 
100 1 |a Malát, Miroslav  |4 aut 
245 1 |a Extrakční spektrofotometrie kovů a nekovů /  |c [aut.]Miroslav Malát 
250 |a 1.vyd. 
260 |a Praha :  |b SNTL,  |c 1988 
300 |a 417 s 
650 7 |a Fotometria spektrálna extrakčná  |2 stusub 
650 7 |a kovy  |2 stusub 
650 7 |a nekovy  |2 stusub 
650 7 |a spektrofotometria  |2 stusub 
996 |b 284M021175  |c M*7923-1  |l MMKN  |s A  |a 24  |w stu38904_0001